00785nam a2200217 i 4500003000900000005001700009007000300026008004100029040003000070082001300100100002300113242007800136245012400214264004200338300002500380336002700405337003300432338002800465700004200493700003200535DO-SdBNP20231229103001.0ta110408s2003 dr 000 0 spa d aDO-SdBNPbspacBNPHUerda bM4782221 aMcCausland, Nelson aThe sunday question /cSociedad para la observancia del día del señor10a¿Qué dice la biblia acerca del domingo? /cNelson McCausland ; traducción Salvador Gómez Dickson, Marta de Russo 1aSanto Domingo :bPalabra fiel,c2003. a40 páginasc22 cm. 2rdacontentatextobtxt 2rdamediaasin mediaciónbn 2rdacarrieravolumenbnc1 aGómez Dickson, Salvadoretraductor 1 aRusso, Marta deetraductor